Procesos de comprensión y producción de textos académicos: Expositivos y Argumentativos

Salvato in:
Dettagli Bibliografici
Autore principale: Martínez Solís, María Cristina (compiladora y editora)
Ente Autore: Cátedra UNESCO para la lectura y la escritura en América Latina
Natura: Libro
Lingua:spagnolo
Pubblicazione: Cali, Colombia: Universidad del Valle, Escuela Ciencias del Lenguaje, 1999
Edizione:Primera edición
Soggetti:
Tags: Aggiungi Tag
Nessun Tag, puoi essere il primo ad aggiungerne!!

MARC

LEADER 00000nam a2200000 a 4500
001 UCO2973
003 CL-VaPUC
005 20231128114013.0
008 000610e19990000CK |||||||||||||||||spa|d
999 |c 289461  |d 289459 
020 |a 958-96134-1-1 
040 |c Pontificia Universidad Católica de Valparaíso 
082 0 4 |a 418.4 MAR 1999  |2 21 
100 |a Martínez Solís, María Cristina  |e compiladora y editora  |9 446761 
245 1 0 |a Procesos de comprensión y producción de textos académicos: Expositivos y Argumentativos 
250 |a Primera edición 
260 |a Cali, Colombia:  |b Universidad del Valle, Escuela Ciencias del Lenguaje,  |c 1999 
300 |a 218 páginas 
500 |a C.3 Donación Familia profesor Giovanni Parodi S. Memo 02/2022. 25-03-2022 
583 |a last modification  |c 20000610 00:00:00  |k Rodrigo Vera 
650 0 |a Ejercicios de lectura   |9 324248 
650 0 |a Comprensión   |9 339377 
650 0 |a Lectura  |9 307634 
650 0 |a Análisis del discurso  |9 256696 
650 0 |a Oratoria  |9 307605 
710 |a Cátedra UNESCO para la lectura y la escritura en América Latina  |9 867809 
942 |c BK  |2 ddc 
945 |d 20000610 00:00:00  |a rbrito 
952 |0 0  |1 0  |4 0  |6 418_400000000000000_MAR_1999  |7 0  |8 A  |9 337872  |a FDOPOS  |b FDOPOS  |d 2019-11-20  |i 3626199  |o 418.4 MAR 1999  |p 3626199  |r 2025-01-22  |w 2019-11-20  |y BK  |k MLA 
952 |0 0  |1 0  |4 0  |6 418_400000000000000_MAR_1999  |7 0  |8 A  |9 337873  |a FDOPOS  |b FDOPOS  |d 2019-11-20  |i 1231766  |o 418.4 MAR 1999  |p 1231766  |r 2025-01-22  |w 2019-11-20  |y BK  |k MLA 
952 |0 0  |1 0  |2 ddc  |4 0  |6 418_400000000000000_MAR_1999  |7 0  |8 C_GPS  |9 582253  |a BIBEDU  |b BIBEDU  |c GEN  |d 2022-03-30  |e Donación  |i 5650438  |o 418.4 MAR 1999  |p 5650438  |r 2022-03-30  |t 3  |w 2022-03-30  |y BK  |k LIT